Best Countries for Business - Statistics

General Stats
  • This quiz has been taken 70 times
  • The average score is 11 of 20
Answer Stats
Rank Answer % Correct
11 Canada
77%
5 Norway
73%
7 Singapore
73%
4 Sweden
71%
1 Switzerland
69%
3 Finland
68%
6 Denmark
66%
13 Australia
65%
2 Luxembourg
65%
14 Netherlands
65%
18 Austria
63%
16 Ireland
63%
10 New Zealand
58%
15 Belgium
56%
12 Malaysia
29%
9 Thailand
29%
19 Indonesia
24%
17 Cyprus
19%
8 Panama
19%
20 Costa Rica
10%
No matching quizzes found
Score Distribution
Percent of People with Each Score
Percentile by Number Answered
Your Score History
You have not taken this quiz